000
00295nam a2200109Ia 4500
008
200302s9999 xx 000 0 und d
100
_a
B. G. Hutchinson
245
_a
Principles of Urban Transport Systems Planning
260
_b
Tata Mcgraw-Hill Publishing Co.
260
_c
1947
300
_a
444 P.,
999
_c
5228
_d
5228